ABBA I Have A Dream-Lyrics Quiz - Statistics

General Stats
  • This quiz has been taken 228 times
  • The average score is 165 of 199
Answer Stats
Answer % Correct
a
100%
have
100%
I
100%
dream
99%
to
96%
To
96%
me
94%
the
93%
in
91%
see
91%
sing
90%
song
90%
angels
87%
believe
87%
help
87%
you
87%
You
87%
can
85%
everything
81%
fairy
80%
good
80%
Something
80%
If
79%
if
79%
tale
79%
of
77%
wonder
77%
even
75%
future
75%
with
75%
for
74%
is
73%
right
72%
anything
71%
When
71%
cope
70%
fail
70%
time
70%
cross
69%
know
68%
through
68%
take
62%
I'll
61%
reality
59%
stream
58%
And
54%
fantasy
51%
it
51%
my
47%
destination
45%
while
41%
worth
41%
darkness
38%
makes
37%
another
31%
mile
28%
Pushin'
28%
still
28%
No matching quizzes found
Score Distribution
Percent of People with Each Score
Percentile by Number Answered
Your Score History
You have not taken this quiz